000
00314nam a22001337a 4500
008
190206b xxu||||| |||| 00| 0 eng d
020
_a
0939765543
041
_a
eng
080
_a
510
100
_a
38
101
_a
MAT
245
_a
Contemporary Precalculus through applications
_c
Barrett,G.B
942
_2
udc
_c
BK
999
_c
54087
_d
54087